| 000 | 01072nas a2200325 4500 | ||
|---|---|---|---|
| 001 | BR2011007381 | ||
| 003 | BR-BrBNA | ||
| 005 | 20231205115945.0 | ||
| 007 | ta | ||
| 008 | 230509b bl.|||p| |||| 00| 00por d | ||
| 040 |
_aBR-BrBNA _bpor _cBiblioteca Nacional de Agricultura |
||
| 041 | _a(Pt) | ||
| 072 | _aU40; P31 | ||
| 100 | 1 | _aAdami, M. | |
| 100 | 1 | _aDeppe, F. | |
| 100 | 1 | _aRizzi, R. | |
| 100 | 1 | _aMoreira, M.A. | |
| 100 | 1 | _aRudorff, B.F.T. | |
| 100 | 1 | _aFonseca, L.M.G. | |
| 100 | 1 | _aFaria, R.T. | |
| 245 | 1 | _aFusão de imagens por IHS para melhorar a identificação de uso do solo em elementos amostrais | |
| 650 | _aRECONHECIMENTO DO SOLO | ||
| 650 | _aSENSORIAMENTO REMOTO | ||
| 650 | _aSATÉLITE | ||
| 650 | _aTECNOLOGIA DA INFORMAÇÃO | ||
| 773 | 0 |
_tEngenharia Agrícola (Brazil) _xISSN 1808-4389 _g(May-Aug 2007), v.27(2) p. 529-536 _wBR2011007381 |
|
| 856 | 4 | 0 | _uhttp://www.scielo.br/scielo.php?script=sci_arttext pid=S0100-69162007000300023 lng=pt nrm=iso tlng=pt |
| 909 |
_a202311 _bLúcia _c55 _dLúcia Elande |
||
| 942 |
_2AGRIS _n0 _cANA |
||
| 999 |
_c216466 _d216466 |
||